000 00229nam a2200085Ia 4500
245 0 _aLove the one you're with
100 _a Giffin, Emily Leicester, 2009
_986369
942 _cBK
008 210817s9999 xx 000 0 und d
999 _c329825
_d329824